[Event "European Rapid Championship 2021"]
[Site "Katowice"]
[Date "2021.12.19"]
[Round "10.6"]
[White "Lewtak, Dominik"]
[Black "Kulon, Klaudia"]
[Result "1/2-1/2"]
[WhiteElo "2165"]
[BlackElo "2328"]
[Annotator "NA"]
[PlyCount "34"]
[EventDate "2021.12.18"]
[EventType "swiss"]
[EventCountry "POL"]
[SourceTitle "playchess.com"]
[Source "ChessBase"]
[SourceQuality "1"]
[TimeControl "900+10"]

1. e4 {[%emt 0:00:03]} e5 {[%emt 0:00:02]} 2. Nf3 {[%emt 0:00:04]} Nc6 {
[%emt 0:00:02]} 3. Bb5 {[%emt 0:00:13]} a6 {[%emt 0:00:05]} 4. Bxc6 {[%emt 0:
00:27]} dxc6 {[%emt 0:00:02]} 5. O-O {[%emt 0:00:03]} f6 {[%emt 0:00:05]} 6. h3
{[%emt 0:00:13]} c5 {[%emt 0:00:09]} 7. c3 {[%emt 0:00:28]} Ne7 {[%emt 0:00:10]
} 8. d3 {[%emt 0:00:08]} Nc6 {[%emt 0:00:06]} 9. Be3 {[%emt 0:00:10]} Be6 {
[%emt 0:00:17]} 10. Qc2 {[%emt 0:00:13]} Qd7 {[%emt 0:00:59]} 11. Rd1 {[%emt 0:
00:20]} Bd6 {[%emt 0:01:24]} 12. Nbd2 {[%emt 0:00:07]} O-O {[%emt 0:00:05]} 13.
Nb3 {[%emt 0:00:21]} Qe7 {[%emt 0:01:04]} 14. d4 {[%emt 0:00:31]} cxd4 {
[%emt 0:00:02]} 15. cxd4 {[%emt 0:00:04]} exd4 {[%emt 0:00:02]} 16. Nbxd4 {
[%emt 0:00:06]} Nxd4 {[%emt 0:00:12]} 17. Nxd4 {[%emt 0:00:03]} Rfe8 {[%emt 0:
00:18]} 1/2-1/2

[Event "European Rapid Championship 2021"]
[Site "Katowice"]
[Date "2021.12.19"]
[Round "10.7"]
[White "Fridman, Daniel"]
[Black "Blohberger, Felix"]
[Result "1-0"]
[WhiteElo "2626"]
[BlackElo "2409"]
[Annotator "ChessBase"]
[PlyCount "77"]
[EventDate "2021.12.18"]
[EventType "swiss"]
[EventCountry "POL"]
[SourceTitle "playchess.com"]
[Source "ChessBase"]
[SourceQuality "1"]
[TimeControl "900+10"]

1. d4 {[%emt 0:00:02]} Nf6 {[%emt 0:00:01]} 2. c4 {[%emt 0:00:02]} e6 {[%emt 0:
00:01]} 3. g3 {[%emt 0:00:02]} Bb4+ {[%emt 0:00:02]} 4. Nc3 {[%emt 0:00:10]} d6
{[%emt 0:00:14]} 5. Bg2 {[%emt 0:00:19]} O-O {[%emt 0:00:25]} 6. Nf3 {[%emt 0:
00:02]} Nc6 {[%emt 0:00:22]} 7. O-O {[%emt 0:00:04]} Bxc3 {[%emt 0:00:13]} 8.
bxc3 {[%emt 0:00:02]} e5 {[%emt 0:00:01]} 9. d5 {[%emt 0:05:23]} Na5 {[%emt 0:
00:53]} 10. c5 {[%emt 0:00:03]} Re8 {[%emt 0:02:20]} 11. Bg5 {[%emt 0:00:15]}
Bd7 {[%emt 0:01:55]} 12. Nd2 {[%emt 0:01:25]} h6 {[%emt 0:00:09]} 13. Bxf6 {
[%emt 0:00:44]} Qxf6 {[%emt 0:00:02]} 14. c6 {[%emt 0:01:51]} Bc8 {[%emt 0:00:
41]} 15. Qa4 {[%emt 0:00:42]} b6 {[%emt 0:00:01]} 16. e4 {[%emt 0:00:26]} Qg6 {
[%emt 0:00:39]} 17. Rae1 {[%emt 0:00:38]} f5 {[%emt 0:01:08]} 18. f4 {[%emt 0:
00:15]} Ba6 {[%emt 0:01:46]} 19. c4 {[%emt 0:00:54]} exf4 {[%emt 0:00:14]} 20.
Rxf4 {[%emt 0:00:05]} fxe4 {[%emt 0:02:02]} 21. Bxe4 {[%emt 0:00:05]} Qg5 {
[%emt 0:00:40]} 22. Qc2 {[%emt 0:01:01]} Rf8 {[%emt 0:02:44]} 23. Nf3 {[%emt 0:
02:34]} Qd8 {[%emt 0:00:01]} 24. Bh7+ {[%emt 0:00:20]} Kh8 {[%emt 0:00:01]} 25.
Rxf8+ {[%emt 0:00:22]} Qxf8 {[%emt 0:00:02]} 26. Nh4 {[%emt 0:00:02]} Qf6 {
[%emt 0:00:32]} 27. Bf5 {[%emt 0:00:06]} Bxc4 {[%emt 0:00:44]} 28. Ng6+ {
[%emt 0:00:21]} Kh7 {[%emt 0:00:04]} 29. Qe4 {[%emt 0:00:30]} h5 {[%emt 0:01:
33]} 30. h4 {[%emt 0:00:17]} Bxa2 {[%emt 0:00:17]} 31. Be6 {[%emt 0:00:54]} Kh6
{[%emt 0:00:15]} 32. Rf1 {[%emt 0:00:04]} Qc3 {[%emt 0:00:15]} 33. Qf4+ {
[%emt 0:00:03]} Kh7 {[%emt 0:00:07]} 34. Qg5 {[%emt 0:00:16]} Qd4+ {[%emt 0:00:
11]} 35. Kh2 {[%emt 0:00:02]} Qb2+ {[%emt 0:00:10]} 36. Kh3 {[%emt 0:00:02]}
Qe2 {[%emt 0:00:01]} 37. Rf7 {[%emt 0:00:35]} Qxe6+ {[%emt 0:00:23]} 38. dxe6 {
[%emt 0:00:02]} Bxe6+ {[%emt 0:00:01]} 39. Rf5 {[%emt 0:00:01]} 1-0

[Event "European Rapid Championship 2021"]
[Site "Katowice"]
[Date "2021.12.19"]
[Round "10.7"]
[White "Janaszak, Dawid"]
[Black "Krasenkova, Elena"]
[Result "1-0"]
[WhiteElo "2328"]
[BlackElo "2124"]
[Annotator "NA"]
[PlyCount "101"]
[EventDate "2021.12.18"]
[EventType "swiss"]
[EventCountry "POL"]
[SourceTitle "playchess.com"]
[Source "ChessBase"]
[SourceQuality "1"]
[TimeControl "900+10"]

1. e4 {[%emt 0:00:01]} Nf6 {[%emt 0:00:01]} 2. e5 {[%emt 0:00:02]} Nd5 {
[%emt 0:00:01]} 3. d4 {[%emt 0:00:03]} e6 {[%emt 0:00:01]} 4. c4 {[%emt 0:01:
18]} Nb6 {[%emt 0:00:02]} 5. Nc3 {[%emt 0:00:15]} d5 {[%emt 0:00:01]} 6. exd6 {
[%emt 0:00:32]} cxd6 {[%emt 0:00:02]} 7. Nf3 {[%emt 0:00:17]} Be7 {[%emt 0:00:
02]} 8. Bd3 {[%emt 0:00:07]} Nc6 {[%emt 0:00:12]} 9. O-O {[%emt 0:00:32]} O-O {
[%emt 0:00:10]} 10. Qe2 {[%emt 0:00:55]} d5 {[%emt 0:02:15]} 11. c5 {[%emt 0:
00:29]} Nd7 {[%emt 0:00:07]} 12. a3 {[%emt 0:01:02]} a5 {[%emt 0:00:12]} 13.
Rd1 {[%emt 0:01:18]} b6 {[%emt 0:00:17]} 14. cxb6 {[%emt 0:00:27]} Nxb6 {
[%emt 0:00:05]} 15. Bf4 {[%emt 0:00:46]} Bd7 {[%emt 0:02:19]} 16. Rac1 {
[%emt 0:00:06]} Rc8 {[%emt 0:00:04]} 17. h3 {[%emt 0:00:43]} Na7 {[%emt 0:00:
33]} 18. Ba6 {[%emt 0:00:47]} Rc6 {[%emt 0:00:13]} 19. Bb7 {[%emt 0:00:39]} Rc4
{[%emt 0:00:03]} 20. b3 {[%emt 0:01:49]} Rxc3 {[%emt 0:03:16]} 21. Rxc3 {
[%emt 0:00:01]} Bb5 {[%emt 0:00:01]} 22. Qb2 {[%emt 0:00:22]} Bd6 {[%emt 0:00:
11]} 23. Bxd6 {[%emt 0:00:26]} Qxd6 {[%emt 0:00:01]} 24. a4 {[%emt 0:00:24]}
Bd7 {[%emt 0:00:01]} 25. Qc2 {[%emt 0:01:09]} f6 {[%emt 0:01:16]} 26. Ba6 {
[%emt 0:00:32]} Nc6 {[%emt 0:01:14]} 27. Bd3 {[%emt 0:00:14]} f5 {[%emt 0:00:
41]} 28. Bb5 {[%emt 0:00:27]} Nb4 {[%emt 0:00:01]} 29. Qe2 {[%emt 0:00:11]} Rb8
{[%emt 0:00:26]} 30. Bxd7 {[%emt 0:00:43]} Nxd7 {[%emt 0:00:03]} 31. Rdc1 {
[%emt 0:00:10]} h6 {[%emt 0:00:29]} 32. Rc8+ {[%emt 0:00:15]} Rxc8 {[%emt 0:00:
01]} 33. Rxc8+ {[%emt 0:00:01]} Kh7 {[%emt 0:00:01]} 34. Ng5+ {[%emt 0:00:14]}
Kg6 {[%emt 0:00:18]} 35. Qxe6+ {[%emt 0:00:16]} Qxe6 {[%emt 0:00:04]} 36. Nxe6
{[%emt 0:00:02]} Kf6 {[%emt 0:00:01]} 37. Nc5 {[%emt 0:00:22]} Nxc5 {[%emt 0:
00:31]} 38. Rxc5 {[%emt 0:00:05]} Ke6 {[%emt 0:00:07]} 39. Kf1 {[%emt 0:00:37]}
f4 {[%emt 0:00:07]} 40. Ke2 {[%emt 0:00:03]} g5 {[%emt 0:00:03]} 41. Rxa5 {
[%emt 0:00:15]} h5 {[%emt 0:00:02]} 42. Ra8 {[%emt 0:00:10]} Nc2 {[%emt 0:00:
05]} 43. Kd3 {[%emt 0:00:19]} Ne1+ {[%emt 0:00:02]} 44. Kd2 {[%emt 0:00:10]}
Nxg2 {[%emt 0:00:02]} 45. a5 {[%emt 0:00:08]} g4 {[%emt 0:00:01]} 46. hxg4 {
[%emt 0:00:01]} hxg4 {[%emt 0:00:01]} 47. a6 {[%emt 0:00:02]} Nh4 {[%emt 0:00:
10]} 48. a7 {[%emt 0:00:08]} Nf3+ {[%emt 0:00:04]} 49. Kc3 {[%emt 0:00:03]} g3
{[%emt 0:00:03]} 50. fxg3 {[%emt 0:00:01]} fxg3 {[%emt 0:00:02]} 51. Rg8 {
[%emt 0:00:00]} 1-0

[Event "European Rapid Championship 2021"]
[Site "Katowice"]
[Date "2021.12.19"]
[Round "10.8"]
[White "Bjerre, Jonas Buhl"]
[Black "Durarbayli, Vasif"]
[Result "1-0"]
[WhiteElo "2330"]
[BlackElo "2532"]
[Annotator "ChessBase"]
[PlyCount "107"]
[EventDate "2021.12.18"]
[EventType "swiss"]
[EventCountry "POL"]
[SourceTitle "playchess.com"]
[Source "ChessBase"]
[SourceQuality "1"]
[TimeControl "900+10"]

1. d4 {[%emt 0:00:01]} Nf6 {[%emt 0:00:00]} 2. c4 {[%emt 0:00:02]} e6 {[%emt 0:
00:01]} 3. Nf3 {[%emt 0:00:01]} b6 {[%emt 0:00:01]} 4. g3 {[%emt 0:00:03]} Bb7
{[%emt 0:00:01]} 5. Bg2 {[%emt 0:00:02]} Be7 {[%emt 0:00:04]} 6. O-O {[%emt 0:
00:03]} O-O {[%emt 0:00:02]} 7. Nc3 {[%emt 0:00:06]} Ne4 {[%emt 0:00:03]} 8.
Bd2 {[%emt 0:00:06]} Bf6 {[%emt 0:00:17]} 9. Ne5 {[%emt 0:00:42]} Nxc3 {
[%emt 0:00:38]} 10. Bxc3 {[%emt 0:00:01]} Bxg2 {[%emt 0:00:02]} 11. Kxg2 {
[%emt 0:00:02]} d5 {[%emt 0:00:27]} 12. Qa4 {[%emt 0:01:21]} Qe8 {[%emt 0:00:
33]} 13. Qb3 {[%emt 0:00:37]} Bxe5 {[%emt 0:02:35]} 14. dxe5 Qc6 15. cxd5 {
[%emt 0:00:34]} exd5 {[%emt 0:00:01]} 16. Bb4 {[%emt 0:01:36]} Re8 {[%emt 0:00:
14]} 17. Rac1 {[%emt 0:00:29]} Qb7 {[%emt 0:00:26]} 18. f4 {[%emt 0:01:08]} Na6
{[%emt 0:00:19]} 19. Ba3 {[%emt 0:00:03]} Rad8 {[%emt 0:00:43]} 20. Rc2 {
[%emt 0:01:04]} d4+ {[%emt 0:01:10]} 21. Qf3 {[%emt 0:00:12]} Qxf3+ {[%emt 0:
00:09]} 22. Kxf3 {[%emt 0:00:05]} f6 {[%emt 0:00:32]} 23. exf6 {[%emt 0:00:29]}
gxf6 {[%emt 0:00:02]} 24. Rc6 {[%emt 0:01:35]} Re3+ {[%emt 0:01:33]} 25. Kf2 {
[%emt 0:00:20]} Rde8 {[%emt 0:00:01]} 26. Rd1 {[%emt 0:00:08]} Rxe2+ {[%emt 0:
00:38]} 27. Kf1 {[%emt 0:00:40]} R2e4 {[%emt 0:01:21]} 28. b3 {[%emt 0:00:11]}
Kf7 {[%emt 0:01:24]} 29. Bb2 {[%emt 0:00:15]} Rd8 {[%emt 0:00:09]} 30. a3 {
[%emt 0:01:59]} Kg6 {[%emt 0:00:54]} 31. b4 {[%emt 0:00:19]} Rd7 {[%emt 0:00:
27]} 32. Kf2 {[%emt 0:00:25]} Kf7 {[%emt 0:02:31]} 33. f5 {[%emt 0:00:43]} Re5
{[%emt 0:00:39]} 34. Rxd4 {[%emt 0:00:37]} Rxf5+ {[%emt 0:00:15]} 35. Ke3 {
[%emt 0:00:39]} Re7+ {[%emt 0:01:17]} 36. Re4 {[%emt 0:00:03]} h5 {[%emt 0:00:
16]} 37. Bd4 {[%emt 0:01:34]} Rf1 {[%emt 0:00:43]} 38. Rxe7+ Kxe7 39. Ke4 {
[%emt 0:01:36]} Kd7 {[%emt 0:00:29]} 40. Rxf6 {[%emt 0:00:21]} Rxf6 {[%emt 0:
00:14]} 41. Bxf6 c5 42. bxc5 {[%emt 0:00:05]} Nxc5+ {[%emt 0:00:16]} 43. Kf5 {
[%emt 0:00:00]} b5 {[%emt 0:00:25]} 44. Bd4 {[%emt 0:00:17]} Kd6 {[%emt 0:00:
25]} 45. Kg6 {[%emt 0:00:13]} a5 {[%emt 0:00:04]} 46. Bc3 {[%emt 0:00:21]} a4 {
[%emt 0:00:07]} 47. Kxh5 {[%emt 0:00:10]} Kd5 {[%emt 0:00:00]} 48. g4 {[%emt 0:
00:08]} Kc4 {[%emt 0:00:01]} 49. Bf6 {[%emt 0:00:34]} b4 {[%emt 0:00:38]} 50.
axb4 {[%emt 0:00:05]} Nd3 {[%emt 0:00:04]} 51. g5 {[%emt 0:00:06]} a3 {[%emt 0:
00:05]} 52. g6 {[%emt 0:00:04]} Nf4+ {[%emt 0:00:12]} 53. Kh6 {[%emt 0:00:11]}
Nd5 {[%emt 0:00:01]} 54. Ba1 {[%emt 0:00:15]} 1-0

[Event "European Rapid Championship 2021"]
[Site "Katowice"]
[Date "2021.12.19"]
[Round "10.8"]
[White "Luberanski, Jakub"]
[Black "Sharankov, Grigory"]
[Result "0-1"]
[WhiteElo "2199"]
[BlackElo "2220"]
[Annotator "NA"]
[PlyCount "48"]
[EventDate "2021.12.18"]
[EventType "swiss"]
[EventCountry "POL"]
[SourceTitle "playchess.com"]
[Source "ChessBase"]
[SourceQuality "1"]
[TimeControl "900+10"]

1. e4 {[%emt 0:00:01]} e6 {[%emt 0:00:00]} 2. d4 {[%emt 0:00:02]} d5 {[%emt 0:
00:01]} 3. Nc3 {[%emt 0:00:01]} Nc6 {[%emt 0:00:02]} 4. e5 {[%emt 0:00:07]} f6
{[%emt 0:00:05]} 5. exf6 {[%emt 0:00:25]} Nxf6 {[%emt 0:00:02]} 6. Nf3 {
[%emt 0:00:02]} Bd6 {[%emt 0:00:13]} 7. Bb5 {[%emt 0:00:02]} O-O {[%emt 0:00:
11]} 8. Bxc6 {[%emt 0:00:04]} bxc6 {[%emt 0:00:01]} 9. O-O {[%emt 0:00:02]} c5
{[%emt 0:00:16]} 10. Be3 {[%emt 0:04:08]} cxd4 {[%emt 0:01:43]} 11. Bxd4 {
[%emt 0:00:02]} c5 {[%emt 0:00:25]} 12. Bxf6 {[%emt 0:01:15]} Rxf6 {[%emt 0:01:
01]} 13. Qe2 {[%emt 0:00:01]} Qb6 {[%emt 0:01:12]} 14. Nb5 {[%emt 0:01:15]} Ba6
{[%emt 0:01:03]} 15. a4 {[%emt 0:00:02]} Raf8 {[%emt 0:00:02]} 16. c4 {[%emt 0:
00:28]} Bb8 {[%emt 0:00:44]} 17. Ne5 {[%emt 0:03:07]} Bxe5 {[%emt 0:01:49]} 18.
Qxe5 {[%emt 0:00:02]} dxc4 {[%emt 0:00:03]} 19. Nc3 {[%emt 0:02:31]} Qxb2 {
[%emt 0:01:55]} 20. Qe3 {[%emt 0:00:01]} Rxf2 {[%emt 0:01:33]} 21. Qxe6+ {
[%emt 0:00:01]} Kh8 {[%emt 0:00:00]} 22. Qc6 {[%emt 0:00:15]} Bb7 {[%emt 0:00:
16]} 23. Qd6 {[%emt 0:01:20]} Rxg2+ {[%emt 0:00:14]} 24. Kh1 {[%emt 0:00:03]}
Rxh2+ {[%emt 0:00:04]} 0-1

[Event "European Rapid Championship 2021"]
[Site "Katowice"]
[Date "2021.12.19"]
[Round "10.9"]
[White "Klekowski, Maciej"]
[Black "Papasimakopoulos, Alexandros"]
[Result "1-0"]
[WhiteElo "2528"]
[BlackElo "2274"]
[Annotator "ChessBase"]
[PlyCount "109"]
[EventDate "2021.12.18"]
[EventType "swiss"]
[EventCountry "POL"]
[SourceTitle "playchess.com"]
[Source "ChessBase"]
[SourceQuality "1"]
[TimeControl "900+10"]

1. c4 {[%emt 0:00:03]} f5 {[%emt 0:00:14]} 2. Nc3 {[%emt 0:00:03]} Nf6 {
[%emt 0:00:02]} 3. g3 {[%emt 0:00:04]} g6 {[%emt 0:00:01]} 4. Bg2 {[%emt 0:00:
01]} Bg7 {[%emt 0:00:02]} 5. Nf3 {[%emt 0:00:04]} O-O {[%emt 0:00:02]} 6. d4 {
[%emt 0:00:02]} d6 {[%emt 0:00:01]} 7. O-O {[%emt 0:00:02]} e6 {[%emt 0:00:02]}
8. Re1 {[%emt 0:02:32]} Ne4 {[%emt 0:00:01]} 9. Qc2 {[%emt 0:00:22]} Nxc3 {
[%emt 0:00:02]} 10. Qxc3 {[%emt 0:00:06]} Nc6 {[%emt 0:00:02]} 11. e3 {[%emt 0:
01:12]} e5 {[%emt 0:00:23]} 12. b4 {[%emt 0:00:50]} e4 {[%emt 0:02:09]} 13. Nd2
{[%emt 0:00:08]} h5 {[%emt 0:00:08]} 14. Bb2 {[%emt 0:02:12]} h4 {[%emt 0:00:
01]} 15. Qb3 {[%emt 0:02:47]} hxg3 {[%emt 0:00:11]} 16. hxg3 {[%emt 0:00:01]}
Kh7 {[%emt 0:02:33]} 17. f3 {[%emt 0:00:52]} exf3 {[%emt 0:03:01]} 18. Nxf3 {
[%emt 0:00:02]} Bf6 {[%emt 0:00:09]} 19. Kf2 {[%emt 0:00:44]} Kg7 {[%emt 0:00:
09]} 20. Rh1 {[%emt 0:00:04]} a6 {[%emt 0:02:16]} 21. a4 {[%emt 0:00:25]} Bd7 {
[%emt 0:00:26]} 22. b5 {[%emt 0:00:10]} axb5 {[%emt 0:00:10]} 23. cxb5 {
[%emt 0:00:01]} Na5 {[%emt 0:00:13]} 24. Qc2 {[%emt 0:01:25]} Be6 {[%emt 0:00:
24]} 25. d5 {[%emt 0:00:10]} Bg8 {[%emt 0:00:42]} 26. Rac1 {[%emt 0:01:41]} Rc8
{[%emt 0:00:40]} 27. Ng5 {[%emt 0:02:02]} Bxb2 {[%emt 0:00:02]} 28. Rh7+ {
[%emt 0:00:02]} Bxh7 {[%emt 0:00:01]} 29. Ne6+ {[%emt 0:00:00]} Kg8 {[%emt 0:
00:26]} 30. Nxd8 {[%emt 0:00:02]} Bxc1 {[%emt 0:00:09]} 31. Ne6 {[%emt 0:00:01]
} Rf7 {[%emt 0:00:41]} 32. Qxc1 {[%emt 0:00:02]} b6 {[%emt 0:00:07]} 33. Ng5 {
[%emt 0:01:26]} Re7 {[%emt 0:00:16]} 34. e4 {[%emt 0:00:08]} Nb3 {[%emt 0:00:
20]} 35. Qc3 {[%emt 0:00:31]} Nc5 {[%emt 0:00:15]} 36. Qf6 {[%emt 0:00:12]}
Rce8 {[%emt 0:00:04]} 37. Kg1 {[%emt 0:00:23]} Nd7 {[%emt 0:00:24]} 38. Qc3 {
[%emt 0:00:02]} Nc5 {[%emt 0:00:24]} 39. Qf6 {[%emt 0:00:22]} Nd7 {[%emt 0:00:
01]} 40. Qd4 {[%emt 0:00:14]} Nc5 {[%emt 0:00:02]} 41. Ne6 {[%emt 0:00:08]}
Nxe6 {[%emt 0:01:28]} 42. dxe6 {[%emt 0:00:01]} Rxe6 {[%emt 0:00:01]} 43. exf5
{[%emt 0:00:02]} Re1+ {[%emt 0:00:01]} 44. Kh2 {[%emt 0:00:00]} R1e2 {[%emt 0:
01:20]} 45. Qc4+ {[%emt 0:00:16]} Kg7 {[%emt 0:01:09]} 46. Qxc7+ {[%emt 0:00:
02]} R8e7 {[%emt 0:00:00]} 47. Qxb6 {[%emt 0:00:08]} gxf5 {[%emt 0:00:01]} 48.
Qd4+ {[%emt 0:00:02]} Kf7 {[%emt 0:00:36]} 49. Kh3 {[%emt 0:00:32]} Kg6 {
[%emt 0:00:25]} 50. Bf3 {[%emt 0:00:15]} R2e3 {[%emt 0:00:10]} 51. b6 {[%emt 0:
00:21]} Rxf3 {[%emt 0:00:31]} 52. Qxd6+ {[%emt 0:00:02]} Kf7 {[%emt 0:00:15]}
53. Qd5+ {[%emt 0:00:01]} Re6 {[%emt 0:00:01]} 54. b7 {[%emt 0:00:07]} f4 {
[%emt 0:00:01]} 55. Qxf3 {[%emt 0:00:10]} 1-0

[Event "European Rapid Championship 2021"]
[Site "Katowice"]
[Date "2021.12.19"]
[Round "10.9"]
[White "Golubovskis, Maksims"]
[Black "Kanicki, Krzysztof"]
[Result "1-0"]
[WhiteElo "2210"]
[BlackElo "2004"]
[Annotator "NA"]
[PlyCount "69"]
[EventDate "2021.12.18"]
[EventType "swiss"]
[EventCountry "POL"]
[SourceTitle "playchess.com"]
[Source "ChessBase"]
[SourceQuality "1"]
[TimeControl "900+10"]

1. e4 {[%emt 0:07:14]} c5 {[%emt 0:00:01]} 2. Nf3 {[%emt 0:00:02]} Nc6 {
[%emt 0:00:03]} 3. d4 {[%emt 0:00:05]} cxd4 {[%emt 0:00:02]} 4. Nxd4 {[%emt 0:
00:01]} Nf6 {[%emt 0:00:01]} 5. Nc3 {[%emt 0:00:01]} d6 {[%emt 0:00:01]} 6. Bg5
{[%emt 0:00:01]} Bd7 {[%emt 0:00:20]} 7. Qd2 {[%emt 0:00:15]} Rc8 {[%emt 0:00:
14]} 8. Nb3 {[%emt 0:00:23]} a6 {[%emt 0:00:42]} 9. Be2 {[%emt 0:00:36]} e6 {
[%emt 0:00:07]} 10. O-O {[%emt 0:00:15]} Be7 {[%emt 0:00:35]} 11. Bxf6 {
[%emt 0:00:11]} gxf6 {[%emt 0:00:23]} 12. Qh6 {[%emt 0:00:17]} Ne5 {[%emt 0:00:
50]} 13. Rad1 {[%emt 0:02:09]} b5 {[%emt 0:00:54]} 14. a3 {[%emt 0:00:06]} Bf8
{[%emt 0:00:58]} 15. Qh5 {[%emt 0:00:11]} Nc4 {[%emt 0:00:42]} 16. Bxc4 {
[%emt 0:00:04]} Rxc4 {[%emt 0:00:02]} 17. f4 {[%emt 0:00:12]} h6 {[%emt 0:04:
06]} 18. f5 {[%emt 0:01:23]} Rg8 {[%emt 0:00:12]} 19. fxe6 {[%emt 0:01:06]}
Bxe6 {[%emt 0:00:02]} 20. Rd2 {[%emt 0:01:41]} Rg5 {[%emt 0:00:35]} 21. Qf3 {
[%emt 0:00:09]} Qb6+ {[%emt 0:00:50]} 22. Kh1 {[%emt 0:00:04]} Be7 {[%emt 0:00:
07]} 23. Nd5 {[%emt 0:00:13]} Bxd5 {[%emt 0:00:26]} 24. exd5 {[%emt 0:00:01]}
Re5 {[%emt 0:00:34]} 25. c3 {[%emt 0:01:04]} f5 {[%emt 0:03:44]} 26. Nd4 {
[%emt 0:00:08]} Bg5 {[%emt 0:00:28]} 27. Re2 {[%emt 0:00:13]} Rc7 {[%emt 0:01:
42]} 28. Nxf5 {[%emt 0:00:37]} Kd8 {[%emt 0:00:35]} 29. Rxe5 {[%emt 0:00:06]}
dxe5 30. d6 Rb7 {[%emt 0:00:31]} 31. Qd5 {[%emt 0:00:01]} h5 {[%emt 0:00:17]}
32. Qxe5 {[%emt 0:00:05]} f6 {[%emt 0:00:02]} 33. Qe6 {[%emt 0:00:05]} Qc6 {
[%emt 0:00:05]} 34. Re1 {[%emt 0:00:13]} Qc4 {[%emt 0:00:23]} 35. Qe8# {
[%emt 0:00:05]} 1-0

[Event "European Rapid Championship 2021"]
[Site "Katowice"]
[Date "2021.12.19"]
[Round "10.10"]
[White "Piesik, Piotr"]
[Black "Tazbir, Marcin"]
[Result "1-0"]
[WhiteElo "2342"]
[BlackElo "2514"]
[Annotator "ChessBase"]
[PlyCount "103"]
[EventDate "2021.12.18"]
[EventType "swiss"]
[EventCountry "POL"]
[SourceTitle "playchess.com"]
[Source "ChessBase"]
[SourceQuality "1"]
[TimeControl "900+10"]

1. d4 {[%emt 0:00:02]} Nf6 {[%emt 0:00:01]} 2. c4 {[%emt 0:00:02]} d6 {[%emt 0:
00:07]} 3. Nc3 {[%emt 0:00:02]} e5 {[%emt 0:00:02]} 4. d5 {[%emt 0:00:29]} g6 {
[%emt 0:00:10]} 5. e4 {[%emt 0:00:04]} Bg7 {[%emt 0:00:01]} 6. Be2 {[%emt 0:00:
09]} O-O {[%emt 0:00:14]} 7. Nf3 {[%emt 0:00:03]} a5 {[%emt 0:00:45]} 8. Bg5 {
[%emt 0:00:02]} h6 {[%emt 0:00:02]} 9. Bh4 {[%emt 0:00:01]} Qe8 {[%emt 0:00:19]
} 10. Nd2 {[%emt 0:00:21]} Nfd7 {[%emt 0:00:09]} 11. f3 {[%emt 0:00:25]} f5 {
[%emt 0:00:09]} 12. O-O {[%emt 0:00:03]} g5 {[%emt 0:00:14]} 13. Bf2 {[%emt 0:
00:01]} f4 {[%emt 0:00:00]} 14. a3 {[%emt 0:00:20]} h5 {[%emt 0:00:15]} 15. b4
{[%emt 0:00:05]} Rf6 {[%emt 0:00:17]} 16. c5 {[%emt 0:00:07]} Bf8 {[%emt 0:00:
03]} 17. Nb5 {[%emt 0:00:46]} Na6 {[%emt 0:00:03]} 18. cxd6 {[%emt 0:00:50]}
cxd6 {[%emt 0:00:03]} 19. Qb3 {[%emt 0:02:58]} Rg6 {[%emt 0:00:16]} 20. Rfc1 {
[%emt 0:01:06]} Nf6 {[%emt 0:00:16]} 21. Kh1 {[%emt 0:00:32]} Rg7 {[%emt 0:00:
27]} 22. Bb6 {[%emt 0:00:43]} g4 {[%emt 0:00:59]} 23. Nc7 {[%emt 0:01:13]} Nxc7
{[%emt 0:00:02]} 24. Rxc7 {[%emt 0:00:02]} Rxc7 {[%emt 0:02:34]} 25. Bxc7 {
[%emt 0:00:01]} axb4 {[%emt 0:01:08]} 26. Qxb4 {[%emt 0:00:01]} Qe7 {[%emt 0:
00:03]} 27. Bb6 {[%emt 0:00:27]} Nd7 {[%emt 0:00:44]} 28. Bg1 {[%emt 0:00:17]}
Nc5 {[%emt 0:00:46]} 29. Bxc5 {[%emt 0:01:47]} dxc5 {[%emt 0:00:01]} 30. Qb6 {
[%emt 0:00:01]} c4 {[%emt 0:03:46]} 31. Nxc4 {[%emt 0:01:14]} Qc5 {[%emt 0:00:
01]} 32. Qg6+ {[%emt 0:00:24]} Bg7 {[%emt 0:00:02]} 33. Qe8+ {[%emt 0:01:49]}
Kh7 {[%emt 0:00:05]} 34. Qxh5+ {[%emt 0:00:08]} Kg8 {[%emt 0:00:01]} 35. Qe8+ {
[%emt 0:00:16]} Kh7 {[%emt 0:00:02]} 36. Rg1 {[%emt 0:01:01]} g3 {[%emt 0:02:
23]} 37. Qh5+ {[%emt 0:00:02]} Kg8 {[%emt 0:00:02]} 38. Qe8+ {[%emt 0:00:00]}
Kh7 {[%emt 0:00:00]} 39. Nxe5 {[%emt 0:02:14]} Qd6 {[%emt 0:00:08]} 40. Qh5+ {
[%emt 0:00:05]} Kg8 {[%emt 0:00:02]} 41. Qe8+ {[%emt 0:00:02]} Kh7 {[%emt 0:00:
00]} 42. Qh5+ {[%emt 0:00:00]} Kg8 {[%emt 0:00:01]} 43. Nc4 {[%emt 0:00:16]}
Qc5 {[%emt 0:00:31]} 44. Qe8+ {[%emt 0:00:09]} Kh7 {[%emt 0:00:00]} 45. Qh5+ {
[%emt 0:00:01]} Kg8 {[%emt 0:00:01]} 46. Qe8+ {[%emt 0:00:23]} Kh7 {[%emt 0:00:
01]} 47. Qf7 {[%emt 0:00:16]} gxh2 {[%emt 0:00:31]} 48. Rd1 {[%emt 0:00:02]}
Qf2 {[%emt 0:00:22]} 49. Bd3 {[%emt 0:00:04]} Ra6 {[%emt 0:00:47]} 50. e5+ {
[%emt 0:00:01]} Kh6 {[%emt 0:00:09]} 51. e6 {[%emt 0:00:05]} Qg3 {[%emt 0:00:
07]} 52. Qf5 {[%emt 0:00:21]} 1-0